Heathen Chemistry - Statistics

General Stats
  • This quiz has been taken 22 times
  • The average score is 9 of 12
Answer Stats
Answer % Correct
Songbird
100%
Stop Crying Your Heart Out
100%
Little by Little
90%
The Hindu Times
90%
Better Man
80%
Born on a Different Cloud
80%
Force of Nature
80%
The Cage
80%
Hung In a Bad Place
70%
She is Love
70%
A Quick Peep
50%
(Probably) All In the Mind
50%
No matching quizzes found
Score Distribution
Percent of People with Each Score
Percentile by Number Answered
Your Score History
You have not taken this quiz